000 00298nam a22001337a 4500
008 170524b xxu||||| |||| 00| 0 eng d
020 _a0201017180
041 _aeng
080 _22ND
_a62
100 _a26
101 _aIM
245 _aENGINEERING DESIGN GRAPHICS
_cEARLE, J.H
942 _2udc
_cBK
999 _c14038
_d14038